|
|
|
|
| LEADER |
01186nam a2200217 a 4500 |
| 001 |
GR-MES9522 |
| 008 |
051031s gr 000 0 gre d |
| 040 |
|
|
|a GrPaTEI
|b gre
|c GR-PaULI
|
| 040 |
|
|
|a GrPaTEI
|b gre
|c GR-PaULI
|
| 100 |
1 |
|
|a Λαναράς, Κωνσταντίνος Δ.
|
| 245 |
1 |
2 |
|a Η ασφάλιση στο Ι.Κ.Α. :
|b ασφάλιση, εισφορές, παροχές, περίθαλψη, συντάξεις /
|c Κων.Δ .Λαναρά.
|
| 260 |
|
|
|a Αθήνα :
|b [χ.ο],
|c 2004
|
| 300 |
|
|
|a 597 σελ. :
|b πιν. ;
|c 24 εκ.
|
| 500 |
|
|
|a περιέχει ευρετήριο
|
| 650 |
|
4 |
|a Κοινωνική ασφάλιση
|z Ελλάς.
|
| 650 |
|
4 |
|a Συντάξεις
|z Ελλάς.
|
| 942 |
|
|
|2 ddc
|
| 952 |
|
|
|0 0
|1 0
|2 ddc
|4 0
|6 368_000000000000000_ΛΑΝ
|7 0
|9 279893
|a MSLG
|b MSLG
|c BSC
|d 2021-01-17
|e 24
|f 0
|g 0.00
|l 0
|o 368 ΛΑΝ
|p 2420000019883
|r 2021-01-17 00:00:00
|t 1
|w 2021-01-17
|y BK15
|x 20051031 0 1
|x GrPaTEI
|
| 952 |
|
|
|0 0
|1 0
|2 ddc
|4 0
|6 368_000000000000000_ΛΑΝ
|7 0
|9 279894
|a MSLG
|b MSLG
|c BSC
|d 2021-01-17
|e 24
|f 0
|g 0.00
|l 0
|o 368 ΛΑΝ
|p 2420000019884
|r 2021-01-17 00:00:00
|t 1
|w 2021-01-17
|y BK15
|x 20051031 0 1
|x GrPaTEI
|
| 971 |
|
|
|a .b25879935
|b 16-04-20
|c 14-09-16
|
| 999 |
|
|
|c 163123
|d 163123
|